000 00876nam a2200265Ia 4500
999 _c55462
_d55462
001 22544
003 GE_BSU
005 20230327165349.0
008 181216s2015||||enk|||||||||||||| ||eng||
020 _a9781848722347(hbk)(Volume2)
040 _cGE_BSU
080 _a81 G-18
100 _aGarnham, Alan
_917293
245 _aPsycholinguistics : central topics
_bVolume 2 /
_cAlan Garnham.
264 _aLondon ; New York :
_bMethuen,
_c2015.
300 _axv, 269 p.;
_bill. ;
_c24 cm.
_eName indexes.
505 _aBibliography p. [230]-254
541 _h159gel.
653 _aPsycholinguistics : central topics
653 _aლინგვისტიკა
653 _aენათმეცნიერება
653 _aფსიქოლინგვისტიკა
653 _aცენტრალური თემები
942 _cBK
_2udc